Les dessins animés des années 2000 - Statistiques

Statistiques générales
  • Ce quiz a été pris 960 fois
  • Le résultat moyen est 5 sur 11
Statistiques - réponses
Hint Réponse % Correct
Des jeunes organisent dans leur ville la première Coupe du monde de foot pas dans les codes. Foot 2 rue
92%
Deux rats ont élu domicile à bord d'un navire marchand et protègent leur cargaison de fromages Ratz
92%
Un programme informatique XANA devient autonome et cherche à prendre le contrôle du monde. Quatre adolescents vont lutter contre cela après avoir trouvé un passage vers cet univers virtuel. Code Lyoko
55%
Des moines adoptent un petit garçon qui va devenir le défenseur de la cause animale. Marcelino
54%
A Rétroville, un jeune garçon surdoué invente des créations géniales lui causent souvent des ennuis, jusqu'à ce qu'il parvienne à trouver une réponse à son problème, grâce à ses capacités mentales. Jimmy Neutron
45%
Un adolescent est employé en tant qu'agent spécial dans une organisation secrète spécialisée dans les phénomènes paranormaux. Ce dragueur va enquêter, en compagnie de sa demi-sœur et de sa montre-gadget Chrono-Scan, dans des endroits étranges. Martin Mystère
44%
Un enfant de 8 ans qui va être aidé de son grand-père pour l'aider à draguer une fille de son école. Cédric
40%
Une adolescente essaye de palier entre sa vie au lycée et ses missions pour sauver le monde, aidé de son ami Robin et de Wallace, un génie informatique qui vit reclus chez lui. Kim possible
37%
Un chien pas comme les autres, qui ne passe pas inaperçu est toujours prêt à rendre service, généreux et très ingénieux, il va vite devenir la mascotte de la ville. Clifford le gros chien rouge
36%
Une adolescente tente de surpasser les problèmes de divorce avec ses parents, et son appareil dentaire qui la perturbe avec ses effets magnétiques. Sourire d'enfer
30%
Cinq jeunes, stars et les vedettes de School Island, jouent au Basket. Kangoo Juniors
24%
Aucun quiz correspondant
Distribution des résultats
% des personnes avec chaque résultat
Percentile par nombre de réponses
Votre historique - résultats
Vous n’avez pas pris ce quiz